header

ENGLISH SKILLS (Record no. 251037)

MARC details
000 -LEADER
fixed length control field 00313nam a22001217a 4500
020 ## - INTERNATIONAL STANDARD BOOK NUMBER
ISBN 9780073384108
100 ## - MAIN ENTRY--AUTHOR NAME
Personal name LANGHAN JOHN
245 ## - TITLE STATEMENT
Title ENGLISH SKILLS
250 ## - EDITION STATEMENT
Edition statement 9TH ED. annotated instructor's edition
260 ## - PUBLICATION, DISTRIBUTION, ETC. (IMPRINT)
Place of publication NEW YORK, USA
Name of publisher McGRAW-HILL HIGHER EDUCATION
Year of publication 2008
300 ## - PHYSICAL DESCRIPTION
Number of Pages 648
Other physical details ILL
942 ## - ADDED ENTRY ELEMENTS (KOHA)
Koha item type Long Loan Books
Holdings
Withdrawn status Lost status Collection code Home library Current library Shelving location Date acquired Full call number Accession Number Koha item type
    Non-fiction Rongo University Library Rongo University Library General Stacks 05/11/2015 PE1408 .L3164 2008 20152674 Long Loan Books

© 2026 Rongo University
Contact us: librarian | system librarian | Rongo university